| 000 | 01171nam a22002537a 4500 | ||
|---|---|---|---|
| 005 | 20170124103115.0 | ||
| 010 | _aB-066077 | ||
| 020 |
_c200.00 _a8173153841 |
||
| 035 | _aB-066077 | ||
| 037 | _bCen Lib/Ret | ||
| 040 |
_aDPL _bHN |
||
| 082 |
_a306.0954 _bचौधरी |
||
| 100 |
_aचौधरी, वीरेंद्रकुमार सिंह _980462 |
||
| 245 |
_aकालचक्र : उत्तर कथा / _cवीरेंद्रकुमार सिंह चौधरी |
||
| 246 |
_aKaalchakr : uttar katha / _bby Veerendrakumar Singh Chaudhari |
||
| 260 |
_aनई दिल्ली _bप्रभात प्रकाशन _c2002 |
||
| 270 |
_bनई दिल्ली _e110002 _a4/19, आसफ अली रोड |
||
| 300 |
_a181पृ. _c20सेमी(सजिल्द) |
||
| 650 |
_aयूरोप में पुनर्जागरण _945207 |
||
| 650 |
_aविज्ञान एवं मानविकी -- शेत्र _980463 |
||
| 650 |
_aRenaissance in Europe _980464 |
||
| 650 |
_aScience and Humanities - sector _980465 |
||
| 942 |
_2ddc _cHN _h306.0954 _mचौधरी |
||
| 999 |
_c118492 _d118492 |
||